Los nuevos impuestos al patrimonio y a los capitales (Registro nro. 27537)
[ vista simple ]
| 000 -LEADER | |
|---|---|
| fixed length control field | 00372 a2200121 4500 |
| 001 - CONTROL NUMBER | |
| control field | ART_18346 |
| 005 - DATE AND TIME OF LATEST TRANSACTION | |
| control field | 20260410161919.0 |
| 008 - FIXED-LENGTH DATA ELEMENTS--GENERAL INFORMATION | |
| fixed length control field | 260409a |
| 100 1# - MAIN ENTRY--PERSONAL NAME | |
| Personal name | Grün, Ernesto |
| 245 10 - TITLE STATEMENT | |
| Title | Los nuevos impuestos al patrimonio y a los capitales |
| 700 1# - ADDED ENTRY--PERSONAL NAME | |
| Personal name | Brandstadter, Curt |
| 773 0# - HOST ITEM ENTRY | |
| Title | La información |
| Related parts | - Tomo XXXIII, Nº 558 (jun. 1976) |
| Record control number | REV14902 |
No hay ítems disponibles.